000 00783nam a22002297a 4500
005 20141128123404.0
010 _aENG-111253
020 _a9788125055198
_c625.00
035 _aEN-94785
037 _bDBAD/PUB
082 _a891.4
245 _aEnglish in the dalit context /
_cedited by Alladi Uma, K. Suneetha Rani [and] D. Murali Manohar
260 _aNew Delhi
_bOrient Blackswan
_c2014
270 _a1/24, Asaf Ali Road
_bNew Delhi
_e110002
300 _avii, 182p.
_c23cm(Hb)
500 _a English in the dalit context
520 _aProceedings of the National Seminar on English in the Dalit Context held at Hyderabad in 2011
700 _aAlladi Uma
700 _aSuneetha Rani,K.
700 _aMurali Manohar, D.
942 _2ddc
_cEN
_mENG
_h891.4
999 _c90097
_d90097